00499nam a22001697a 450000500170000001000150001702000250003203500140005703700130007108200080008410000240009224500610011626000330017727000590021030000200026950000400028920170428112836.0 aENG-117977 a9789385977398c60.00 aEN-101509 bDBAD/PUB a485 aDelphin CIC,A. Mary aEnglish grammar in easy steps /cby A. Mary Delphine CIC aMaduraibShanlax Pressc2016 a61,66 T.P.K. Main Road,Vasantha NagarbMaduraie625003 a35p.c22cm(pbk) aIncludes bibliographical references